[Event "Mantova Province-ch"]
[Site "Mantova"]
[Date "2013.03.01"]
[Round "3"]
[White "Maniscalco, Davide"]
[Black "Azzoni, Marino"]
[Result "0-1"]
[WhiteElo "1706"]
[BlackElo "1879"]
[PlyCount "44"]
[EventDate "2013.02.15"]
[EventType "swiss"]
[EventRounds "6"]
[EventCountry "ITA"]
[SourceTitle "EXT 2014"]
[Source "ChessBase"]
[SourceDate "2013.11.20"]
[SourceVersion "1"]
[SourceVersionDate "2013.11.20"]
[SourceQuality "1"]

1. e4 e5 2. Nf3 d6 3. d4 exd4 4. Nxd4 Be7 5. Nc3 Nf6 6. Bc4 0-0 7. 0-0 Nxe4 8. Nxe4 d5 9. Bxd5 Qxd5 10. Nc3 Qc4 11. Re1 Bf6 12. Re4 Rd8 13. Qe1 Qc5 14. Nb3 Qf8 15. Nd5 Na6 16. Nxf6+ gxf6 17. Bf4 Bf5 18. Re2 Nb4 19. Qc3 Nd5 20. Qg3+ Bg6 21. Bxc7 Rd7 22. Rd1 Nf4 0-1